| 000 | 00667nam a22002297a 4500 | ||
|---|---|---|---|
| 003 | UA-OsUOA | ||
| 001 | 41101 | ||
| 007 | ta | ||
| 008 | 20080718b un ||||| |||| 00| 0 ukr d | ||
| 100 | _aКресін О.В. | ||
| 090 |
_a323+34(477) _bК80 |
||
| 942 | _cBK | ||
| 040 |
_aUA-OsUOA _bukr _cUA-OsUOA _dUA-OsUOA |
||
| 245 | _aПолітико-правова спадщина української політичної еміграції першої половини ХVІІІ століття | ||
| 300 | _a466 с. | ||
| 955 | _a4 | ||
| 041 | _aukr | ||
| 080 | _a323+34(477) | ||
| 260 |
_aКиїв _c2001 |
||
| 650 | 7 |
_a32 Політика _2UDC |
|
| 999 |
_c439606 _d439606 |
||